Introduction to optimization on smoth manifolds (Record no. 1237906)

MARC details
000 -LEADER
fixed length control field 00748nam a2200241Ia 4500
005 - DATE AND TIME OF LATEST TRANSACTION
control field 20250117103624.0
008 - FIXED-LENGTH DATA ELEMENTS--GENERAL INFORMATION
fixed length control field 008 250103s9999 xx 000 0 eng d
020 ## - INTERNATIONAL STANDARD BOOK NUMBER
International Standard Book Number 9781009166157
037 ## - SOURCE OF ACQUISITION
Stock number Textual
040 ## - CATALOGING SOURCE
Original cataloging agency CSL
Language of cataloging eng
Transcribing agency CSL
041 ## - LANGUAGE CODE
Language code of text/sound track or separate title eng
Source of code eng
084 ## - COLON CLASSIFICATION NUMBER
Classification number B28931 R3
Assigning agency CSL
100 ## - MAIN ENTRY--PERSONAL NAME
Personal name Boumal, Nicolas
9 (RLIN) 729154
245 #0 - TITLE STATEMENT
Title Introduction to optimization on smoth manifolds
Statement of responsibility, etc. Boumal, Nicolas
260 ## - PUBLICATION, DISTRIBUTION, ETC.
Place of publication, distribution, etc. Cambridge
Name of publisher, distributor, etc. Cambridge University Press
Date of publication, distribution, etc. 2023
300 ## - PHYSICAL DESCRIPTION
Extent xviii, 338p. ill.
650 ## - SUBJECT ADDED ENTRY--TOPICAL TERM
Topical term or geographic name entry element Additional tools
9 (RLIN) 734276
650 ## - SUBJECT ADDED ENTRY--TOPICAL TERM
Topical term or geographic name entry element Embedded geometry
9 (RLIN) 734277
650 ## - SUBJECT ADDED ENTRY--TOPICAL TERM
Topical term or geographic name entry element Quotient manifolds
9 (RLIN) 734278
650 ## - SUBJECT ADDED ENTRY--TOPICAL TERM
Topical term or geographic name entry element Operational Research
942 ## - ADDED ENTRY ELEMENTS (KOHA)
Koha item type Textual
Classification part B28931 R3
Holdings
Withdrawn status Lost status Damaged status Not for loan Home library Current library Date acquired Source of acquisition Inventory number Total Checkouts Full call number Barcode Date last seen Price effective from Koha item type
        Central Science Library Central Science Library 2025-01-17 Classic Book Service 288, 30/01/2024   B28931 R3 SL1655856 2025-01-17 2025-01-17 Textual
Copyright @ Delhi University Library System